Popular astronomy /

Bibliographic Details
Main Author: Newcomb, Simon, 1835-1909
Format: Book
Language:English
Published: New York, Cincinnati [etc.] : American book company, (1892?)
Subjects:

MARC

Tag First Indicator Second Indicator Subfields
LEADER 00000cam a2200000 4500
001 in00000040894
005 20151007064723.0
008 800523s1892 nyuab b 00010 eng d
035 |a (OCoLC)06354262 
035 |9 AAE0451AM 
040 |a TXA  |c TXA  |d UtOrBLW 
049 |a TXAM  |c [5552] 
090 |a QB44  |b .N5 1892 
092 |a 520  |b N538p, 1892 
100 1 |a Newcomb, Simon,  |d 1835-1909. 
245 1 0 |a Popular astronomy /  |c by Simon Newcomb ... With one hundred and twelve engravings and five maps of the stars. 
264 1 |a New York,  |a Cincinnati [etc.] :  |b American book company,  |c (1892?) 
300 |a xviii, 577 pages, 1 unnumbered page :  |b frontispiece, illustrations, 5 maps in pocket. ;  |c 20 cm. 
336 |a text  |b txt  |2 rdacontent 
337 |a unmediated  |b n  |2 rdamedia 
338 |a volume  |b nc  |2 rdacarrier 
500 |a At head of title: School edition. 
500 |a Preface to the 7th edition dated 1892. 
504 |a "List of astronomical works": pages 555-561. 
650 0 |a Astronomy. 
999 |a MARS 
999 f f |s 8ed8d749-8878-339a-9623-370465c17990  |i 2134a479-1b1a-36b8-9c39-2d8ff7dc776e  |t 0 
952 f f |p ric  |a Texas A&M University  |b Rellis Campus  |c Joint Library Facility  |d Remote Storage  |t 0  |e QB44 .N5 1892  |h Library of Congress classification  |i unmediated -- volume  |m A14800898159 
998 f f |a QB44 .N5 1892  |t 0  |l Remote Storage